Strength of materials / (Record no. 25552)
[ view plain ]
| 000 -LEADER | |
|---|---|
| fixed length control field | 01229cam a22002895a 4500 |
| 001 - CONTROL NUMBER | |
| control field | 11850180 |
| 005 - DATE AND TIME OF LATEST TRANSACTION | |
| control field | 20171109143722.0 |
| 008 - FIXED-LENGTH DATA ELEMENTS--GENERAL INFORMATION | |
| fixed length control field | 130621t1977 nyuab fr 001 0 eng d |
| 020 ## - INTERNATIONAL STANDARD BOOK NUMBER | |
| International Standard Book Number | 0486607550 |
| 020 ## - INTERNATIONAL STANDARD BOOK NUMBER | |
| International Standard Book Number | 9780486607559 |
| 035 ## - SYSTEM CONTROL NUMBER | |
| System control number | (KnovelOCoLC)ocn849744639 |
| 040 ## - CATALOGING SOURCE | |
| Original cataloging agency | KNOVL |
| Language of cataloging | eng |
| Transcribing agency | KNOVL |
| Modifying agency | ZCU |
| -- | KNOVL |
| -- | EG-ScBUE |
| 082 04 - DEWEY DECIMAL CLASSIFICATION NUMBER | |
| Classification number | 620.11 |
| Item number | HAR |
| Edition number | 22 |
| 100 1# - MAIN ENTRY--PERSONAL NAME | |
| Personal name | Den Hartog, J. P. |
| Fuller form of name | (Jacob Pieter), |
| Dates associated with a name | 1901-1989. |
| 245 10 - TITLE STATEMENT | |
| Title | Strength of materials / |
| Statement of responsibility, etc | by J. P. Den Hartog. |
| 260 ## - PUBLICATION, DISTRIBUTION, ETC. (IMPRINT) | |
| Place of publication, distribution, etc | New York : |
| Name of publisher, distributor, etc | Dover Publications, |
| Date of publication, distribution, etc | c.1977. |
| 300 ## - PHYSICAL DESCRIPTION | |
| Extent | viii, 323 p. : |
| Other physical details | ill. ; |
| Dimensions | 24 cm. |
| 500 ## - GENERAL NOTE | |
| General note | "This Dover edition, first published in 1961, is an unabridged and unaltered republication of the first edition published by McGraw-Hill ... in 1949"--T. p. verso. |
| 500 ## - GENERAL NOTE | |
| General note | Sequel to Mechanics. |
| 500 ## - GENERAL NOTE | |
| General note | Includes index. |
| 505 0# - FORMATTED CONTENTS NOTE | |
| Formatted contents note | Tension -- Torsion -- Bending -- Compund stresses -- Deflections of beams -- Special beam problems -- Cylinders and curved bars -- The energy method -- Buckling -- Experimental elasticity. |
| 650 #7 - SUBJECT ADDED ENTRY--TOPICAL TERM | |
| Topical term or geographic name as entry element | Strength of materials. |
| Source of heading or term | BUEsh |
| 651 ## - SUBJECT ADDED ENTRY--GEOGRAPHIC NAME | |
| Source of heading or term | BUEsh |
| 653 ## - INDEX TERM--UNCONTROLLED | |
| Resource For college | Engineering, General |
| Arrived date list | November2017 |
| 856 40 - ELECTRONIC LOCATION AND ACCESS | |
| Link text | Online book |
| Uniform Resource Identifier | <a href="http://app.knovel.com/web/toc.v/cid:kpSM000012">http://app.knovel.com/web/toc.v/cid:kpSM000012</a> |
| 942 ## - ADDED ENTRY ELEMENTS (KOHA) | |
| Source of classification or shelving scheme | Dewey Decimal Classification |
| Withdrawn status | Item status | Source of classification or shelving scheme | Damaged status | Not for loan | Vendor | Home library | Current library | Shelving location | Date acquired | Source of acquisition | Total Checkouts | Full call number | Barcode | Date last seen | Koha item type |
|---|---|---|---|---|---|---|---|---|---|---|---|---|---|---|---|
| Dewey Decimal Classification | Donation-Gift | Central Library | Central Library | First floor | 09/11/2017 | Donation | 620.11 HAR | 000042432 | 15/07/2025 | Book - Borrowing | |||||
| Dewey Decimal Classification | Central Library | Central Library | First floor | 25/03/2018 | 620.11 HAR | 000047491 | 15/07/2025 | Book - Borrowing | |||||||
| Dewey Decimal Classification | Central Library | Central Library | First floor | 25/03/2018 | 620.11 HAR | 000047492 | 15/07/2025 | Book - Borrowing |